| 000 | 00358nam a2200145Ia 4500 | ||
|---|---|---|---|
| 999 |
_c9649 _d9649 |
||
| 003 | OSt | ||
| 005 | 20250317123540.0 | ||
| 008 | 201231s9999 xx 000 0 und d | ||
| 040 | _cIMU Kolkata | ||
| 100 | _aShenol, P.V. | ||
| 245 | 0 | _aContours of Social and Economic Development | |
| 260 |
_aBangalore _bConcept Publishing |
||
| 300 | _a291 | ||
| 942 |
_cBK _2ddc |
||